[Event "XVI Torneo Internacional CIUDAD DE ALBA"]
[Site "Albacete - ESPAÑA"]
[Date "2008.09.03"]
[Round "4.1"]
[White "Radulski, Julian"]
[Black "Sriram, Jha"]
[Result "1-0"]
[WhiteElo "2516"]
[BlackElo "2429"]
[PlyCount "105"]
[EventDate "2008.09.01"]

1. e4 e5 2. Nf3 Nc6 3. Bb5 a6 4. Ba4 Nf6 5. O-O Be7 6. Re1 b5 7. Bb3 d6 8. c3
O-O 9. h3 Nb8 10. d4 Nbd7 11. Nbd2 Bb7 12. Re2 c5 13. Bc2 Re8 14. Nf1 Bf8 15.
d5 c4 16. Bg5 h6 17. Be3 Nh5 18. Qd2 g5 19. Ng3 Nf4 20. Ree1 Nc5 21. Bxc5 dxc5
22. Nf5 Bc8 23. Rad1 Qf6 24. Nh2 h5 25. Nf1 Bxf5 26. exf5 Rad8 27. Be4 Nd3 28.
Bxd3 Rxd5 29. Qe2 cxd3 30. Rxd3 Rxd3 31. Qxd3 e4 32. Qe2 h4 33. Qg4 Re5 34. Ne3
c4 35. Qh5 Re8 36. Rd1 Rd8 37. Rxd8 Qxd8 38. Qg4 Bc5 39. Qxe4 Bxe3 40. Qxe3
Qd1+ 41. Kh2 Qd6+ 42. g3 hxg3+ 43. Qxg3 Qd2 44. h4 f6 45. hxg5 fxg5 46. Kg2
Qd5+ 47. Qf3 Qe5 48. Qg4 Qd5+ 49. Kg1 Qd2 50. Qe4 Qxb2 51. Qe8+ Kg7 52. Qg6+
Kf8 53. f6 1-0

[Event "XVI Torneo Internacional CIUDAD DE ALBA"]
[Site "Albacete - ESPAÑA"]
[Date "2008.09.03"]
[Round "4.2"]
[White "Guliev, Logman"]
[Black "Ivanov, Jordan"]
[Result "1-0"]
[WhiteElo "2437"]
[BlackElo "2421"]
[PlyCount "102"]
[EventDate "2008.09.01"]

1. e4 c5 2. Nf3 e6 3. d4 cxd4 4. Nxd4 Nc6 5. Nxc6 bxc6 6. Bd3 Bc5 7. c4 Ne7 8.
O-O e5 9. Nd2 Ng6 10. Nb3 Be7 11. c5 a5 12. Be3 Nf4 13. Bxf4 exf4 14. Rc1 a4
15. Nd4 Ra5 16. Nf5 g6 17. Nxe7 Qxe7 18. Qc2 Qe5 19. f3 O-O 20. Rfd1 Rd8 21.
Bf1 d6 22. Qc3 Rxc5 23. Qxc5 dxc5 24. Rxd8+ Kg7 25. Rxc8 Qd4+ 26. Kh1 Qxb2 27.
Rd1 Qc2 28. Rcd8 c4 29. R8d2 Qc3 30. h3 c5 31. Rf2 a3 32. Kh2 h5 33. Rdd2 Qb4
34. Rc2 c3 35. Rc1 g5 36. Rfc2 g4 37. hxg4 hxg4 38. fxg4 Qxe4 39. Rxc3 Qe6 40.
Bc4 Qe5 41. Kh1 Kf8 42. Rxa3 Qh8+ 43. Rh3 Qb2 44. Rhc3 Kg7 45. Kg1 Qd2 46. a4
Kf6 47. a5 Kg5 48. a6 f3 49. gxf3 Kf4 50. a7 Kg3 51. f4+ Kxg4 1-0

[Event "XVI Torneo Internacional CIUDAD DE ALBA"]
[Site "Albacete - ESPAÑA"]
[Date "2008.09.03"]
[Round "4.3"]
[White "Epishin, Vladimir"]
[Black "Cueto, Jonny"]
[Result "1/2-1/2"]
[WhiteElo "2574"]
[BlackElo "2321"]
[PlyCount "37"]
[EventDate "2008.09.01"]

1. d4 d6 2. g3 e5 3. dxe5 dxe5 4. Qxd8+ Kxd8 5. Bg2 f6 6. Nc3 a6 7. f4 Bd6 8.
Nf3 Nd7 9. Bd2 Ne7 10. O-O-O Ng6 11. h4 h5 12. Ne4 Be7 13. Bh3 exf4 14. Nd4
Ndf8 15. Bb4 Bxh3 16. Ne6+ Kc8 17. Nxc7 Bg2 18. Nxa8 Bxe4 19. Rhg1 1/2-1/2

[Event "XVI Torneo Internacional CIUDAD DE ALBA"]
[Site "Albacete - ESPAÑA"]
[Date "2008.09.03"]
[Round "4.4"]
[White "Campayo Hernandez, Juan"]
[Black "Solodovnichenko, Yuri"]
[Result "0-1"]
[WhiteElo "2123"]
[BlackElo "2542"]
[PlyCount "88"]
[EventDate "2008.09.01"]

1. c4 b6 2. e4 Bb7 3. Nc3 e6 4. g3 f5 5. Bg2 Nf6 6. d3 Bb4 7. Nge2 fxe4 8. O-O
O-O 9. Bg5 Qe8 10. Bxf6 gxf6 11. Nxe4 Nc6 12. d4 f5 13. Ng5 Be7 14. Nf3 Bf6 15.
Re1 Ne7 16. Nf4 Ng6 17. Qd2 Be4 18. Nh5 Qf7 19. Nxf6+ Qxf6 20. Ne5 Nxe5 21.
dxe5 Qxe5 22. Qg5+ Qg7 23. Qxg7+ Kxg7 24. Bxe4 fxe4 25. Rxe4 Rf6 26. Rd1 Rd8
27. c5 bxc5 28. Ra4 d6 29. Rxa7 Rf7 30. a4 Rb8 31. Rd2 d5 32. Ra6 Rb6 33. Ra8
c4 34. a5 Rb5 35. Re2 d4 36. Rxe6 Rxb2 37. Ree8 c3 38. Rg8+ Kf6 39. Ra6+ Ke5
40. Kg2 Ke4 41. Rd8 Kd3 42. Rc6 Rbxf2+ 43. Kh3 R2f6 44. Rc5 Rf5 0-1

[Event "XVI Torneo Internacional CIUDAD DE ALBA"]
[Site "Albacete - ESPAÑA"]
[Date "2008.09.03"]
[Round "4.6"]
[White "Espinosa Aranda, Angel"]
[Black "Babaev, Rashad"]
[Result "1-0"]
[WhiteElo "2313"]
[BlackElo "2484"]
[PlyCount "148"]
[EventDate "2008.09.01"]

1. e4 c5 2. Nf3 d6 3. Bb5+ Nd7 4. O-O Ngf6 5. Re1 a6 6. Bxd7+ Nxd7 7. c3 e6 8.
d4 Be7 9. Bf4 b6 10. Nbd2 cxd4 11. cxd4 g5 12. Nxg5 Bxg5 13. Bxd6 Be7 14. Bg3
Nf8 15. Nc4 Ng6 16. d5 O-O 17. d6 Bf6 18. e5 Bh4 19. Qd4 Rb8 20. Ne3 f5 21. f4
Rf7 22. Rac1 Nf8 23. Bxh4 Qxh4 24. g3 Qh5 25. Qd1 Qxd1 26. Rexd1 Bb7 27. Rc3 h5
28. Rdc1 Nd7 29. Rc7 Be4 30. Rc8+ Rxc8 31. Rxc8+ Kg7 32. Re8 Nf8 33. Nc4 Rb7
34. Re7+ Kg6 35. Rxb7 Bxb7 36. Nxb6 Kf7 37. Kf2 Ke8 38. Ke3 Nd7 39. Na4 Bc6 40.
Nc3 Kd8 41. Kd4 Kc8 42. b3 Kb7 43. Nd1 Kb6 44. Ne3 Bf3 45. Nc4+ Kb5 46. Na3+
Kc6 47. Nc4 Be4 48. Nd2 Bd5 49. Nb1 Nb6 50. Nd2 Bg2 51. Nb1 Nd5 52. a3 Nb6 53.
Nd2 Bd5 54. Kc3 Nd7 55. Nf1 Nc5 56. b4 Na4+ 57. Kd4 Nb6 58. Ne3 Bf3 59. Kd3 Kb5
60. Kd4 Be2 61. Kc3 Kc6 62. Kd4 Bb5 63. Nd1 Nc4 64. Kc3 Kd5 65. Nf2 Nxa3 66.
Nd3 Nc4 67. Nc5 Nb6 68. Kd2 Nd7 69. Nb7 Kc4 70. h3 Nf8 71. Nd8 Kxb4 72. g4 fxg4
73. hxg4 hxg4 74. f5 Bd7 1-0

[Event "XVI Torneo Internacional CIUDAD DE ALBA"]
[Site "Albacete - ESPAÑA"]
[Date "2008.09.03"]
[Round "4.7"]
[White "Pogorelov, Ruslan"]
[Black "Serna Lara, Sergio"]
[Result "1/2-1/2"]
[WhiteElo "2459"]
[BlackElo "2247"]
[PlyCount "109"]
[EventDate "2008.09.01"]

1. Nf3 d5 2. d4 Nf6 3. c4 c6 4. Nc3 dxc4 5. a4 Bf5 6. Ne5 e6 7. f3 c5 8. e4 Bg6
9. Be3 cxd4 10. Qxd4 Qxd4 11. Bxd4 Nfd7 12. Nxd7 Nxd7 13. Bxc4 Rc8 14. Ba2 a5
15. Ke2 Rg8 16. h4 h5 17. Nb5 Bc5 18. Bxc5 Rxc5 19. Nc3 Ke7 20. Rhd1 Nb6 21.
Rd4 Rd8 22. Rxd8 Kxd8 23. Rd1+ Ke7 24. Ke3 f6 25. Kd4 Rc8 26. Bb3 Be8 27. Ke3
Nd7 28. f4 Nc5 29. Bc2 Bc6 30. g3 b6 31. Rd2 Rd8 32. Rxd8 Kxd8 33. Bd1 Be8 34.
Kd4 Ke7 35. e5 f5 36. Kc4 g6 37. Bc2 Kd8 38. b4 axb4 39. Kxb4 Na6+ 40. Kc4 Nc7
41. Kd4 Bc6 42. Bb3 Kd7 43. Bc4 Ke7 44. Kd3 Bd7 45. Kc2 Be8 46. Kb3 Bd7 47. Kb4
Bc6 48. a5 bxa5+ 49. Kxa5 Bf3 50. Kb6 Na8+ 51. Kb5 Nc7+ 52. Kc5 Bg2 53. Ne2 Bf1
54. Nd4 Bxc4 55. Kxc4 1/2-1/2

[Event "XVI Torneo Internacional CIUDAD DE ALBA"]
[Site "Albacete - ESPAÑA"]
[Date "2008.09.03"]
[Round "4.8"]
[White "Guadamuro Torrente, Anabel"]
[Black "Valmana Canto, Jaime"]
[Result "1/2-1/2"]
[WhiteElo "2105"]
[BlackElo "2376"]
[PlyCount "93"]
[EventDate "2008.09.01"]

1. e4 c5 2. Nf3 Nc6 3. d4 cxd4 4. Nxd4 g6 5. Nc3 Bg7 6. Be3 Nf6 7. Be2 O-O 8.
O-O d5 9. exd5 Nxd5 10. Nxd5 Qxd5 11. Bf3 Qc4 12. Nxc6 bxc6 13. c3 Rb8 14. Qc1
a5 15. b3 Qa6 16. Bh6 a4 17. Bxg7 Kxg7 18. Qf4 Be6 19. bxa4 Rb2 20. Qc7 Qxa4
21. Qxe7 Qc4 22. Qd6 Qxc3 23. Rac1 Qf6 24. a4 Bd5 25. Qxf6+ Kxf6 26. Bxd5 cxd5
27. Rfd1 Ke5 28. Rc5 Rd8 29. g3 Rd7 30. a5 Ke4 31. Kg2 d4 32. Rc8 d3 33. a6 Ra2
34. Rc4+ Rd4 35. Rc6 d2 36. Rc3 Rd3 37. Rc4+ Kd5 38. Rc7 f5 39. Rxh7 Rxa6 40.
Rd7+ Rd6 41. Rxd6+ Kxd6 42. Kf1 Ke5 43. Ke2 Ke4 44. h4 f4 45. gxf4 Kxf4 46.
Rxd2 Rxd2+ 47. Kxd2 1/2-1/2

[Event "XVI Torneo Internacional CIUDAD DE ALBA"]
[Site "Albacete - ESPAÑA"]
[Date "2008.09.03"]
[Round "4.9"]
[White "Castellanos Rodriguez, Renier"]
[Black "Jimenez Martinez, Jose Vicente"]
[Result "1-0"]
[WhiteElo "2438"]
[BlackElo "2223"]
[PlyCount "61"]
[EventDate "2008.09.01"]

1. e4 d6 2. d4 g6 3. Nc3 Bg7 4. Be3 a6 5. Qd2 Nd7 6. h4 h5 7. Nh3 b5 8. Ng5 Bb7
9. f3 Rc8 10. O-O-O c5 11. Ne2 Ngf6 12. dxc5 Nxc5 13. e5 Nd5 14. Bxc5 dxc5 15.
e6 fxe6 16. Nf4 Bd4 17. Nfxe6 Qd6 18. Nxd4 cxd4 19. Qxd4 O-O 20. Bd3 e5 21. Qa7
Rc7 22. Be4 Rd8 23. Rd2 Ba8 24. Qxa8 Rxc2+ 25. Bxc2 Rxa8 26. Ne4 Qb4 27. Rxd5
Rc8 28. Kb1 Kf8 29. Rhd1 a5 30. Nd6 Rc5 31. a3 1-0

[Event "XVI Torneo Internacional CIUDAD DE ALBA"]
[Site "Albacete - ESPAÑA"]
[Date "2008.09.03"]
[Round "4.10"]
[White "Avila Jimenez, Javier"]
[Black "Huguet, Sergio"]
[Result "1-0"]
[WhiteElo "2286"]
[BlackElo "2109"]
[PlyCount "44"]
[EventDate "2008.09.01"]

1. d4 d5 2. c4 e5 3. dxe5 d4 4. Nf3 Nc6 5. Nbd2 Bg4 6. h3 Bxf3 7. Nxf3 Nge7 8.
g3 Ng6 9. Bg2 Qd7 10. O-O Bc5 11. a3 a5 12. Qb3 O-O 13. Qb5 a4 14. Bd2 Be7 15.
Rac1 Rfd8 16. Rfd1 Na7 17. Qxb7 Nc6 18. Qb5 Qe6 19. Ng5 Bxg5 20. Bxg5 f6 21.
Bd5 Rxd5 22. cxd5 Qxe5 1-0

[Event "XVI Torneo Internacional CIUDAD DE ALBA"]
[Site "Albacete - ESPAÑA"]
[Date "2008.09.03"]
[Round "4.12"]
[White "Peric, Slavisa"]
[Black "Alcaraz ortega, Javier"]
[Result "1/2-1/2"]
[WhiteElo "2256"]
[BlackElo "2105"]
[PlyCount "105"]
[EventDate "2008.09.01"]

1. d4 d5 2. Nf3 c6 3. c4 Nf6 4. Qb3 dxc4 5. Qxc4 Bf5 6. Nc3 e6 7. Qb3 Qb6 8.
Qxb6 axb6 9. Nd2 Bb4 10. e3 O-O 11. Be2 Nbd7 12. O-O Ra7 13. a3 Bg6 14. Nf3 b5
15. Bd2 Be7 16. Nh4 Bc2 17. Rac1 Bb3 18. Nf3 Nb6 19. Ne5 Rd8 20. Bd1 Nc4 21.
Nxc4 Bxc4 22. Be2 Bxe2 23. Nxe2 Nd5 24. Rc2 Nb6 25. Rfc1 Nc4 26. Bc3 Rda8 27.
Ng3 Nb6 28. Rd1 Ra4 29. Nf1 Nd5 30. Be1 f6 31. f3 Kf7 32. e4 Nb6 33. Bc3 b4 34.
axb4 Bxb4 35. b3 Bxc3 36. bxa4 Nxa4 37. Rd3 Bb4 38. Rb3 c5 39. Rxb4 cxb4 40.
Rc7+ Kf8 41. Rxb7 Nc3 42. Rxb4 Ra1 43. Kf2 Ra2+ 44. Ke3 Nd1+ 45. Kd3 Rxg2 46.
d5 exd5 47. exd5 Ke7 48. Ng3 g6 49. Rb7+ Kd6 50. Rxh7 Kxd5 51. Rh6 Ke5 52. Rxg6
Rxh2 53. Ne2 1/2-1/2

[Event "XVI Torneo Internacional CIUDAD DE ALBA"]
[Site "Albacete - ESPAÑA"]
[Date "2008.09.03"]
[Round "4.13"]
[White "Vega Gutierrez, Belinda"]
[Black "Berbatov, Kiprian"]
[Result "0-1"]
[WhiteElo "2129"]
[BlackElo "2250"]
[PlyCount "84"]
[EventDate "2008.09.01"]

1. e4 c5 2. Nf3 d6 3. d4 cxd4 4. Nxd4 Nf6 5. Nc3 a6 6. Be2 e6 7. O-O b5 8. Bf3
Ra7 9. Qe2 Rc7 10. Be3 Nbd7 11. a4 bxa4 12. Nxa4 Bb7 13. e5 dxe5 14. Nxe6 fxe6
15. Bxb7 Rxb7 16. Qxa6 Rb8 17. Rfd1 Kf7 18. Ba7 Ra8 19. Nb6 Rxa7 20. Qxa7 Qxb6
21. Rxd7+ Nxd7 22. Qxd7+ Be7 23. Qd3 Rd8 24. Qxh7 Qxb2 25. Rf1 Bf6 26. h4 Rd2
27. Qh5+ Ke7 28. Qg4 Qd4 29. Qf3 e4 30. Qa3+ Kf7 31. Qg3 Rxc2 32. h5 Rd2 33.
Qc7+ Qd7 34. Qf4 Rd1 35. g4 Rxf1+ 36. Kxf1 Qd3+ 37. Kg2 e5 38. Qf5 Qf3+ 39.
Qxf3 exf3+ 40. Kxf3 Bg5 41. Ke4 Ke6 42. f3 Bh6 0-1

[Event "XVI Torneo Internacional CIUDAD DE ALBA"]
[Site "Albacete - ESPAÑA"]
[Date "2008.09.03"]
[Round "4.14"]
[White "Draghici Flutur, Gravril *"]
[Black "Pardo Simon, David"]
[Result "1-0"]
[WhiteElo "2111"]
[BlackElo "2204"]
[PlyCount "95"]
[EventDate "2008.09.01"]

1. e4 e5 2. Nc3 Nf6 3. Bc4 Nxe4 4. Qh5 Nd6 5. Bb3 Nc6 6. Nb5 g6 7. Qf3 f5 8.
Qd5 Qe7 9. Nxc7+ Kd8 10. Nxa8 b6 11. Nxb6 axb6 12. Ne2 Bb7 13. Qd3 f4 14. O-O
g5 15. Nc3 e4 16. Qh3 Nd4 17. d3 h5 18. dxe4 Ba6 19. Nd5 Qxe4 20. c4 N6f5 21.
Nc3 Qc6 22. Qd3 Bb7 23. Nd5 Bh6 24. Bd2 g4 25. Bc3 Bg7 26. Bxd4 Nxd4 27. Rfe1
Qh6 28. Qe4 Ne6 29. Bc2 g3 30. hxg3 fxg3 31. Qh4+ Qg5 32. Qxg5+ Nxg5 33. Rad1
gxf2+ 34. Kxf2 Bxb2 35. Nxb6 Kc7 36. Nd5+ Bxd5 37. Rxd5 Rf8+ 38. Rf5 Bd4+ 39.
Kg3 Rg8 40. Kh2 h4 41. Rd5 Bf2 42. Re7 Bg3+ 43. Kh1 Rf8 44. Rexd7+ Kb6 45. Rd1
h3 46. Rb1+ Ka6 47. Rd3 Bc7 48. Ra3+ 1-0

[Event "XVI Torneo Internacional CIUDAD DE ALBA"]
[Site "Albacete - ESPAÑA"]
[Date "2008.09.03"]
[Round "4.15"]
[White "Llavador Moron, Juan Jose"]
[Black "Torres Tellez, Jonathan"]
[Result "1/2-1/2"]
[WhiteElo "2195"]
[BlackElo "2100"]
[PlyCount "58"]
[EventDate "2008.09.01"]

1. e4 e5 2. Nf3 Nc6 3. Bb5 Nf6 4. O-O Bc5 5. c3 O-O 6. d4 Bb6 7. Bg5 h6 8. Bh4
d6 9. Qd3 Qe7 10. Nbd2 Bd7 11. a4 a6 12. dxe5 Nxe5 13. Nxe5 dxe5 14. Bxf6 Bxb5
15. Bxe7 Bxd3 16. Bxf8 Bxf1 17. Bxg7 Bxg2 18. Bxe5 Bh3 19. Bf4 Kh7 20. Nf3 Rd8
21. a5 Bxa5 22. Nd2 Bb6 23. Nc4 Rg8+ 24. Bg3 Ba7 25. Ra5 Rd8 26. Rd5 Re8 27.
Re5 Rd8 28. Rd5 Re8 29. Re5 Rd8 1/2-1/2

[Event "XVI Torneo Internacional CIUDAD DE ALBA"]
[Site "Albacete - ESPAÑA"]
[Date "2008.09.03"]
[Round "4.16"]
[White "Garcia Moreno, Carlos"]
[Black "Sanchez Sanchez, Alberto"]
[Result "1-0"]
[WhiteElo "2176"]
[BlackElo "2076"]
[PlyCount "65"]
[EventDate "2008.09.01"]

1. e4 Nf6 2. e5 Nd5 3. d4 d6 4. c4 Nb6 5. exd6 exd6 6. Nc3 Be7 7. Nf3 O-O 8.
Be2 Bf5 9. O-O Bf6 10. h3 Nc6 11. Be3 Re8 12. Rc1 d5 13. c5 Nc8 14. Qb3 Be4 15.
Rfd1 Bxf3 16. Bxf3 Na5 17. Qxd5 Ne7 18. Qxd8 Raxd8 19. Nb5 Nf5 20. Nxc7 Rxe3
21. fxe3 Nxe3 22. Rd3 a6 23. Rxe3 Bxd4 24. Kf2 Rc8 25. Nd5 Re8 26. Ke2 Bxe3 27.
Nxe3 Nc6 28. Bxc6 bxc6 29. Rd1 f5 30. Kf3 Re5 31. b4 a5 32. Nc4 Re4 33. Rd8+
1-0

[Event "XVI Torneo Internacional CIUDAD DE ALBA"]
[Site "Albacete - ESPAÑA"]
[Date "2008.09.03"]
[Round "4.17"]
[White "Vega Gomez, Francisco B"]
[Black "Cruz Lledo, Pablo"]
[Result "0-1"]
[WhiteElo "2170"]
[BlackElo "2008"]
[PlyCount "143"]
[EventDate "2008.09.01"]

1. Nf3 d5 2. d4 Nf6 3. c4 c6 4. g3 a6 5. b3 Bf5 6. Bg2 Nbd7 7. O-O e6 8. Bb2
Be7 9. Nc3 h6 10. Nd2 O-O 11. e4 dxe4 12. Ndxe4 Nxe4 13. Nxe4 Nf6 14. Nd2 Qc7
15. Nf3 Nd7 16. Qe2 Bf6 17. Rfd1 Bg4 18. Qe4 Bxf3 19. Bxf3 Rad8 20. Rd2 Qa5 21.
Qc2 Rfe8 22. Rad1 Bg5 23. Re2 Bf6 24. a3 Qc7 25. Red2 Nb6 26. Kg2 Rd7 27. Bc3
Nc8 28. h4 Ne7 29. Qb2 Red8 30. Be4 b5 31. h5 Rb8 32. Qc2 Qa7 33. Bb4 Rbd8 34.
Bc5 Qc7 35. Rd3 Nf5 36. Bxf5 exf5 37. R3d2 f4 38. Qe4 fxg3 39. fxg3 Be7 40.
Bxe7 Rxe7 41. Qf3 Rde8 42. d5 cxd5 43. cxd5 Qd6 44. Rf1 Qxa3 45. d6 Rd7 46. Qc6
Red8 47. Qf3 Qb4 48. Rff2 a5 49. Kh2 Qc5 50. Rd5 Qb6 51. Qf5 b4 52. Qf4 Qc6 53.
Rfd2 Qc3 54. R5d3 Qc6 55. Rd5 a4 56. Qxb4 axb3 57. Qxb3 Re8 58. Qf3 Rxd6 59.
Qg2 Rde6 60. Rd8 Qb5 61. Rxe8+ Rxe8 62. Qd5 Qf1 63. Qg2 Qf5 64. Qh3 Qg5 65. Rc2
Re5 66. g4 Re3 67. Qf1 Qh4+ 68. Kg2 Rg3+ 69. Kf2 Qh2+ 70. Ke1 Qxc2 71. g5 Re3+
72. Qe2 0-1

[Event "XVI Torneo Internacional CIUDAD DE ALBA"]
[Site "Albacete - ESPAÑA"]
[Date "2008.09.03"]
[Round "4.18"]
[White "Lara Granero, Bio"]
[Black "Perez Garcia, Roberto"]
[Result "1-0"]
[WhiteElo "2034"]
[BlackElo "2154"]
[PlyCount "69"]
[EventDate "2008.09.01"]

1. e4 c5 2. Nc3 Nc6 3. f4 e6 4. Nf3 Nge7 5. d4 cxd4 6. Nxd4 Nxd4 7. Qxd4 Nc6 8.
Qf2 d5 9. e5 Bb4 10. Bd2 O-O 11. Bd3 Qe7 12. g4 Bc5 13. Qg3 Nb4 14. O-O-O Bd4
15. Nb5 Nxd3+ 16. Qxd3 Bc5 17. h4 Bd7 18. Nc3 Rfc8 19. f5 d4 20. f6 Qe8 21. Ne4
Bb5 22. Qf3 Bc6 23. fxg7 Bxe4 24. Qxe4 Qa4 25. Kb1 Rc6 26. b3 Qb5 27. h5 a5 28.
a4 Qb6 29. g5 Rd8 30. Bc1 Qb4 31. g6 d3 32. gxh7+ Kxg7 33. h6+ Kh8 34. Qg2
dxc2+ 35. Ka2 1-0

[Event "XVI Torneo Internacional CIUDAD DE ALBA"]
[Site "Albacete - ESPAÑA"]
[Date "2008.09.03"]
[Round "4.19"]
[White "Machado Hernandez, Junior"]
[Black "Sanchez Jerez, Emilio Miguel"]
[Result "1/2-1/2"]
[WhiteElo "1975"]
[BlackElo "2143"]
[PlyCount "117"]
[EventDate "2008.09.01"]

1. e4 e5 2. Bc4 Nf6 3. d3 Nc6 4. Nf3 Be7 5. Nc3 O-O 6. Be3 d6 7. h3 Na5 8. Bb3
Nxb3 9. axb3 c5 10. O-O Be6 11. Ng5 Bd7 12. f4 b5 13. Nf3 exf4 14. Bxf4 Qb6 15.
Kh1 Bc6 16. Bg5 Rfe8 17. Nh4 b4 18. Ne2 d5 19. Nf5 dxe4 20. Nxe7+ Rxe7 21. Bxf6
gxf6 22. Ng3 Kh8 23. dxe4 Rg8 24. Qf3 Re6 25. Rae1 Qc7 26. Nh5 Qe7 27. Nxf6 Rg6
28. Ng4 Bxe4 29. Qf2 f5 30. Ne3 Qg5 31. Kh2 Qe7 32. g3 Qf6 33. Qf4 Qxb2 34. Rf2
Qe5 35. Qxe5+ Rxe5 36. Rd2 Rge6 37. Rd8+ Kg7 38. Rd7+ Kg6 39. Nc4 Rd5 40. Rxe4
Rxe4 41. Rxd5 Re2+ 42. Kg1 Rxc2 43. Rxc5 Kg5 44. Rxf5+ Kxf5 45. Ne3+ Ke4 46.
Nxc2 a5 47. g4 Kd3 48. Na1 Kc3 49. g5 Kb2 50. h4 Kxa1 51. h5 a4 52. g6 hxg6 53.
h6 a3 54. h7 a2 55. Kf2 Kb1 56. h8=Q a1=Q 57. Qh1+ Ka2 58. Qa8+ Kb2 59. Qh8+
1/2-1/2

[Event "XVI Torneo Internacional CIUDAD DE ALBA"]
[Site "Albacete - ESPAÑA"]
[Date "2008.09.03"]
[Round "5.1"]
[White "Guliev, Logman"]
[Black "Radulski, Julian"]
[Result "0-1"]
[WhiteElo "2437"]
[BlackElo "2516"]
[PlyCount "86"]
[EventDate "2008.09.01"]

1. e4 e5 2. Nf3 Nc6 3. Bb5 a6 4. Ba4 Nf6 5. O-O Be7 6. Re1 b5 7. Bb3 d6 8. c3
O-O 9. h3 Na5 10. Bc2 c5 11. d4 Qc7 12. Nbd2 Be6 13. d5 Bd7 14. Nf1 Nc4 15. g4
h5 16. N3h2 hxg4 17. hxg4 Nh7 18. Ng3 Bg5 19. b3 Nb6 20. Nhf1 g6 21. Kg2 Kg7
22. Bxg5 Nxg5 23. Qd2 f6 24. Ne3 c4 25. b4 a5 26. a3 Rh8 27. Qd1 Qc8 28. f3 Rh3
29. Rh1 Qh8 30. Qe1 axb4 31. cxb4 Qh6 32. Qg1 Rh8 33. Kf2 Rxh1 34. Qxh1 Nh3+
35. Ke2 Qh4 36. Qe1 Nf4+ 37. Kd2 Qh2+ 38. Kd1 Ng2 39. Nxg2 Qxg2 40. Kc1 Qxf3
41. Qg1 Rh4 42. Nh5+ gxh5 43. gxh5+ Qg4 0-1

[Event "XVI Torneo Internacional CIUDAD DE ALBA"]
[Site "Albacete - ESPAÑA"]
[Date "2008.09.03"]
[Round "5.4"]
[White "Vega Gutierrez, Sabrina"]
[Black "Pogorelov, Ruslan"]
[Result "0-1"]
[WhiteElo "2281"]
[BlackElo "2459"]
[PlyCount "60"]
[EventDate "2008.09.01"]

1. e4 c5 2. Nf3 Nc6 3. d4 cxd4 4. Nxd4 Nf6 5. Nc3 d6 6. Be2 e6 7. O-O Be7 8.
Be3 O-O 9. f4 Bd7 10. Qe1 e5 11. Nf5 Bxf5 12. exf5 exf4 13. Bxf4 d5 14. Qg3 Ne4
15. Nxe4 dxe4 16. c3 Re8 17. Bh6 Bc5+ 18. Kh1 Qf6 19. Bg5 Qe5 20. Qg4 Bf8 21.
Rae1 Qc5 22. Bd1 Qb5 23. Bb3 Ne5 24. Qh5 a5 25. Qd1 a4 26. Qd5 Qb6 27. Be3 Qa6
28. Bc2 Rad8 29. Qxe4 Nc4 30. Qf3 Nxe3 0-1

[Event "XVI Torneo Internacional CIUDAD DE ALBA"]
[Site "Albacete - ESPAÑA"]
[Date "2008.09.03"]
[Round "5.5"]
[White "Berbatov, Kiprian"]
[Black "Castellanos Rodriguez, Renier"]
[Result "1/2-1/2"]
[WhiteElo "2250"]
[BlackElo "2438"]
[PlyCount "88"]
[EventDate "2008.09.01"]

1. e4 c5 2. Nf3 e6 3. d4 cxd4 4. Nxd4 a6 5. Bd3 Bc5 6. Nb3 Be7 7. O-O d6 8. f4
Nd7 9. Nc3 Ngf6 10. Qe2 Qc7 11. Bd2 b5 12. Rae1 b4 13. Nd1 O-O 14. Nf2 a5 15.
e5 Nd5 16. Ng4 a4 17. Nd4 Qb6 18. c3 Nc5 19. Bc4 Bb7 20. f5 dxe5 21. Nxe5 Bf6
22. fxe6 Nxe6 23. Nd7 Nxd4 24. cxd4 Qxd4+ 25. Kh1 Rfd8 26. Nxf6+ Nxf6 27. Bxb4
Bd5 28. Bxd5 Nxd5 29. Ba3 Qb6 30. Qf3 Qg6 31. Re5 Nf6 32. Be7 Re8 33. Bxf6 Qxf6
34. Qxf6 gxf6 35. Rxe8+ Rxe8 36. h3 Re2 37. Rf4 a3 38. bxa3 Rxa2 39. Rf3 f5 40.
Kh2 Kg7 41. Kg3 Kf6 42. Rb3 Kg6 43. Kf3 h5 44. g3 f6 1/2-1/2

[Event "XVI Torneo Internacional CIUDAD DE ALBA"]
[Site "Albacete - ESPAÑA"]
[Date "2008.09.03"]
[Round "5.6"]
[White "Sriram, Jha"]
[Black "Garcia Moreno, Carlos"]
[Result "1-0"]
[WhiteElo "2429"]
[BlackElo "2176"]
[PlyCount "69"]
[EventDate "2008.09.01"]

1. d4 Nf6 2. c4 e6 3. Nf3 b6 4. g3 Bb7 5. Bg2 Be7 6. O-O O-O 7. Nc3 Ne4 8. Bd2
f5 9. d5 Bf6 10. Rc1 Na6 11. Be1 Nac5 12. Nd4 Nxc3 13. Bxc3 a5 14. Nb5 Rc8 15.
Qc2 Qe7 16. a3 Ne4 17. Bxf6 Qxf6 18. Rfd1 exd5 19. cxd5 Nd6 20. Nxc7 f4 21. Qc3
fxg3 22. Qxg3 Nf5 23. Qc3 Qg6 24. Qd3 Qf6 25. Rc3 Nh4 26. Qd4 Qg5 27. Rg3 Qh6
28. Rh3 Rf4 29. Qe5 Rcf8 30. f3 Kh8 31. Kh1 d6 32. Qe7 R8f7 33. Qe3 Bc8 34. Ne6
Nxg2 35. Kxg2 1-0

[Event "XVI Torneo Internacional CIUDAD DE ALBA"]
[Site "Albacete - ESPAÑA"]
[Date "2008.09.03"]
[Round "5.7"]
[White "Ivanov, Jordan"]
[Black "Guadamuro Torrente, Anabel"]
[Result "1-0"]
[WhiteElo "2421"]
[BlackElo "2105"]
[PlyCount "109"]
[EventDate "2008.09.01"]

1. Nf3 d5 2. c4 c6 3. e3 Nf6 4. Nc3 a6 5. b3 Bg4 6. Bb2 e6 7. Be2 Nbd7 8. O-O
Be7 9. cxd5 exd5 10. Nd4 Bxe2 11. Ncxe2 O-O 12. Nf5 Re8 13. f4 Bf8 14. Rf3 g6
15. Rh3 Nc5 16. Nh6+ Bxh6 17. Rxh6 Ng4 18. Rh3 Nd3 19. Qc2 Nxb2 20. Qxb2 Qf6
21. Qxf6 Nxf6 22. Rc1 Ne4 23. Rc2 Rad8 24. g4 Nd6 25. Rf3 f5 26. g5 Nb5 27. a4
Nc7 28. Rf1 Ne6 29. d4 Nc7 30. Kf2 Re7 31. Ng1 Ne8 32. Nf3 Nd6 33. h4 Rde8 34.
Re1 Ne4+ 35. Ke2 Nd6 36. Ne5 Nf7 37. Kf3 Nxe5+ 38. fxe5 Kf7 39. b4 Rc8 40. b5
axb5 41. axb5 Ke6 42. Kf4 Rec7 43. Rec1 Kf7 44. h5 Ke6 45. Rc5 Kf7 46. hxg6+
hxg6 47. Rh1 Ke6 48. Rh6 Rg7 49. Rc2 Kd7 50. b6 Ke6 51. Rch2 Rcg8 52. Rh8 Kf7
53. R2h7 Rxh7 54. Rxh7+ Rg7 55. e6+ 1-0

[Event "XVI Torneo Internacional CIUDAD DE ALBA"]
[Site "Albacete - ESPAÑA"]
[Date "2008.09.03"]
[Round "5.8"]
[White "Valmana Canto, Jaime"]
[Black "Draghici Flutur, Gravril *"]
[Result "1-0"]
[WhiteElo "2376"]
[BlackElo "2111"]
[PlyCount "47"]
[EventDate "2008.09.01"]

1. e4 c5 2. Nc3 Nc6 3. Bb5 Nd4 4. Bc4 e6 5. Nf3 Ne7 6. O-O Nec6 7. d3 Be7 8.
Nxd4 cxd4 9. Ne2 O-O 10. a3 a6 11. b4 b5 12. Bb3 Bb7 13. Bb2 Qb6 14. f4 d6 15.
f5 exf5 16. Rxf5 Bc8 17. Rf2 Bg5 18. Bc1 Bxc1 19. Qxc1 Be6 20. Qb2 Bxb3 21.
Qxb3 a5 22. Raf1 Qc7 23. Nf4 Ne7 24. Ne6 1-0

[Event "XVI Torneo Internacional CIUDAD DE ALBA"]
[Site "Albacete - ESPAÑA"]
[Date "2008.09.03"]
[Round "5.9"]
[White "Cueto, Jonny"]
[Black "Lara Granero, Bio"]
[Result "1-0"]
[WhiteElo "2321"]
[BlackElo "2034"]
[PlyCount "71"]
[EventDate "2008.09.01"]

1. d4 f5 2. Bf4 Nf6 3. e3 e6 4. Nf3 d5 5. Nbd2 Bd6 6. Ne5 O-O 7. h3 Nbd7 8.
Ndf3 Ne4 9. Bd3 Bb4+ 10. c3 Nxc3 11. bxc3 Bxc3+ 12. Ke2 Bxa1 13. Qxa1 h6 14. g4
g5 15. Nxd7 Bxd7 16. Be5 a6 17. a4 Rc8 18. Rg1 Qe8 19. gxf5 exf5 20. Nxg5 hxg5
21. Rxg5+ Kf7 22. Qg1 Qe6 23. Bxf5 Qxf5 24. Rxf5+ Bxf5 25. Qg7+ Ke6 26. Bxc7
Bxh3 27. Bf4 Rf6 28. Qxb7 Rc2+ 29. Kd1 Bf5 30. Bg5 Rf7 31. Qxa6+ Kd7 32. Qb7+
Ke6 33. Qa8 Bg6 34. Qe8+ Kf5 35. Qe5+ Kg4 36. Qg3+ 1-0

[Event "XVI Torneo Internacional CIUDAD DE ALBA"]
[Site "Albacete - ESPAÑA"]
[Date "2008.09.03"]
[Round "5.10"]
[White "Serna Lara, Sergio"]
[Black "Avila Jimenez, Javier"]
[Result "1-0"]
[WhiteElo "2247"]
[BlackElo "2286"]
[PlyCount "71"]
[EventDate "2008.09.01"]

1. d4 Nf6 2. c4 e5 3. dxe5 Ng4 4. e3 Nxe5 5. Nh3 g6 6. Nc3 Bg7 7. Nf4 O-O 8.
Qd2 d6 9. b3 Nbd7 10. Bb2 a5 11. Be2 Nc5 12. Rd1 Bf5 13. O-O Re8 14. f3 Bh6 15.
Nb5 Bd7 16. Kh1 Bc6 17. Nd5 Bxd5 18. cxd5 Re7 19. f4 Ned7 20. Qd4 f6 21. Bf3
Bg7 22. f5 Ne5 23. Qd2 Qe8 24. Nd4 Bh6 25. Ne6 Qb5 26. Be2 Qb4 27. Bd4 b6 28.
Qc2 g5 29. Bxe5 fxe5 30. Nxc5 bxc5 31. f6 Rf7 32. Bh5 Rff8 33. f7+ Kh8 34. Qf5
Qh4 35. Be2 e4 36. g3 1-0